[Event "Brasilia IRT de Ferias"]
[Site "Brasilia"]
[Date "2016.07.16"]
[Round "4.5"]
[White "Santos, Leonardo Pereira De"]
[Black "Felix, Raimundo Nascimento"]
[Result "0-1"]
[WhiteElo "1612"]
[BlackElo "1912"]
[PlyCount "105"]
[EventDate "2016.07.15"]
[EventType "swiss"]
[EventRounds "6"]
[EventCountry "BRA"]
[SourceTitle "EXT 2022"]
[Source "ChessBase"]
[SourceDate "2021.10.06"]
[SourceVersion "1"]
[SourceVersionDate "2021.10.06"]
[SourceQuality "1"]

1. Nf3 Nf6 2. c4 g6 3. d4 Bg7 4. Nc3 d6 5. g3 b6 6. Bg2 Bb7 7. Bg5 Nbd7 8. 0-0 h6 9. Bxf6 Nxf6 10. Re1 0-0 11. e4 e6 12. Qc2 Nd7 13. e5 Rc8 14. Rad1 Qe7 15. Qa4 a5 16. Nb5 Nb8 17. d5 dxe5 18. Nxe5 Bxe5 19. Rxe5 Qf6 20. Re2 exd5 21. cxd5 Na6 22. a3 Nc5 23. Qc2 Ba6 24. a4 Bxb5 25. axb5 Rcd8 26. Red2 Rfe8 27. Qc4 Qe5 28. Bf3 Qd6 29. b4 axb4 30. Qxb4 Re7 31. Qh4 Kg7 32. Qd4+ Kh7 33. Qh4 Rde8 34. Rd4 Kg7 35. Qg4 Re1+ 36. Rxe1 Rxe1+ 37. Kg2 f5 38. Qh4 g5 39. Qh5 Qe5 40. Rd2 g4 41. Bxg4 fxg4 42. Qxg4+ Kh7 43. Rd4 Re4 44. Rxe4 Qxe4+ 45. Qxe4+ Nxe4 46. Kf3 Nd6 47. Kf4 Nxb5 48. Ke5 Nd6 49. f4 b5 50. Kd4 Kg6 51. g4 Kf6 52. Kc5 Kg6 53. Kc6 0-1

[Event "BRA-ch Amateur"]
[Site "Brasilia"]
[Date "2016.06.19"]
[Round "5"]
[White "Moraes Silva, Carlos Alessandro"]
[Black "Santos, Leonardo Pereira De"]
[Result "1-0"]
[WhiteElo "1779"]
[BlackElo "1606"]
[PlyCount "89"]
[EventDate "2016.06.17"]
[EventType "swiss"]
[EventRounds "6"]
[EventCountry "BRA"]
[SourceTitle "CBM 173 Extra"]
[Source "ChessBase"]
[SourceDate "2016.08.29"]
[SourceVersion "1"]
[SourceVersionDate "2016.08.29"]
[SourceQuality "1"]

1. d4 e6 2. c4 d5 3. Nc3 c5 4. cxd5 exd5 5. Nf3 Nc6 6. Bf4 cxd4 7. Nxd4 Bc5 8. e3 Nge7 9. Rc1 Bxd4 10. exd4 Qb6 11. Nb5 0-0 12. Bc7 Qa6 13. Na3 b5 14. Bxb5 Qb7 15. Bd6 Qd7 16. Bxc6 Qe6+ 17. Qe2 Qxd6 18. Bxa8 Ba6 19. Qd2 Rxa8 20. f3 Nf5 21. Kf2 Qf6 22. Nc2 Qh4+ 23. g3 Qh3 24. Qf4 Re8 25. Rce1 Rc8 26. Nb4 Bb5 27. b3 a5 28. a4 axb4 29. axb5 Rc2+ 30. Re2 Rxe2+ 31. Kxe2 Qg2+ 32. Kd3 g6 33. Re1 Qb2 34. Re8+ Kg7 35. Qe5+ Kh6 36. Qxd5 Qc3+ 37. Ke2 Nxd4+ 38. Kf1 Nxf3 39. Re2 Qa1+ 40. Kg2 Nd4 41. Rf2 Nf5 42. Qd2+ Kh5 43. h3 Qa8+ 44. Kh2 Qb8 45. Qf4 1-0